|
|
|
|
| LEADER |
00000nam0a2200000 4500 |
| 001 |
302363 |
| 005 |
20231102001508.0 |
| 035 |
|
|
|a (RuTPU)RU\TPU\book\327569
|
| 090 |
|
|
|a 302363
|
| 100 |
|
|
|a 20150821d1983 km y0rusy50 ca
|
| 101 |
0 |
|
|a rus
|
| 102 |
|
|
|a BY
|
| 105 |
|
|
|a a z 001zy
|
| 200 |
1 |
|
|a Пневмоуборка торфа из расстила
|f Н. В. Кислов, В. И. Бакшанский
|g Академия наук Белорусской ССР (АН БССР), Институт торфа (ИТ) ; под ред. И. И. Лиштвана
|
| 210 |
|
|
|a Минск
|c Наука и техника
|d 1983
|
| 215 |
|
|
|a 86 с.
|c ил.
|
| 320 |
|
|
|a Библиогр.: с. 79-85
|
| 606 |
1 |
|
|a Торф
|x Пневмоуборка из расстила
|2 stltpush
|3 (RuTPU)RU\TPU\subj\61069
|9 78277
|
| 610 |
1 |
|
|a всасывание
|
| 610 |
1 |
|
|a спектры
|
| 610 |
1 |
|
|a воздух
|
| 610 |
1 |
|
|a скорость
|
| 610 |
1 |
|
|a измерение
|
| 610 |
1 |
|
|a факелы
|
| 610 |
1 |
|
|a торфяные частицы
|
| 610 |
1 |
|
|a движение
|
| 610 |
1 |
|
|a пневмоуборка
|
| 675 |
|
|
|a 622.648
|v 4
|
| 700 |
|
1 |
|a Кислов
|b Н. В.
|g Николай Владимирович
|
| 701 |
|
1 |
|a Бакшанский
|b В. И.
|g Владимир Иосифович
|
| 702 |
|
1 |
|a Лиштван
|b И. И.
|4 340
|
| 712 |
0 |
2 |
|a Академия наук Белорусской ССР (АН БССР)
|b Институт торфа (ИТ)
|c (Минск)
|c (1932-1990)
|2 stltpush
|3 (RuTPU)RU\TPU\col\11584
|
| 801 |
|
1 |
|a RU
|b 63413507
|c 20150821
|
| 801 |
|
2 |
|a RU
|b 63413507
|c 20190410
|g RCR
|
| 942 |
|
|
|c BK
|